| 000 | 00931cam a2200289 a 4500 | ||
|---|---|---|---|
| 001 | 2488 | ||
| 005 | 20231212144701.0 | ||
| 020 | _a0380709554 | ||
| 020 | _a046594005991 | ||
| 040 |
_aDLC _cDLC _dDLC _beng |
||
| 050 | 0 | 0 |
_aPZ7.C5792 _bRi 2001 |
| 082 | 0 | 0 |
_a420 _221 |
| 100 | 1 | _aCleary, Beverly | |
| 245 | 1 | 0 |
_aRibsy / _cBeverly Cleary ; illustrated by Louis Darling |
| 250 | _aFirst Harper Trophy edition, 2001 | ||
| 260 |
_aNew York : _bHarper Trophy, _c2001 |
||
| 300 |
_a192 pages ; _billustrations ; _c19 cm |
||
| 490 | 0 | _aAn Avon Camelot book | |
| 505 | _aT | ||
| 520 | _aSeparated from his owner, Henry Huggins, in a shopping center parking lot, an ordinary city dog begins a string of bewildering adventures. | ||
| 521 | 1 |
_a820 _bLexile |
|
| 521 | 1 |
_aT _bRaz-Plus |
|
| 650 | 1 |
_aDogs _vFiction. |
|
| 700 | 1 |
_aDarling, Louis _eillustrator |
|
| 906 |
_a7 _bcbc _corigcop _d2 _encip _f20 _gy-gencatlg |
||
| 942 |
_2ddc _cBK _n0 |
||
| 999 |
_c2488 _d2488 |
||